[Event "COL-ch blitz"]
[Site "Quibdo"]
[Date "2015.11.08"]
[Round "14"]
[White "Garavito, Miguel Angel"]
[Black "Otero Martinez, Alvaro Jr"]
[Result "0-1"]
[WhiteElo "2213"]
[BlackElo "2013"]
[PlyCount "78"]
[EventDate "2015.11.08"]
[EventType "swiss (blitz)"]
[EventRounds "18"]
[EventCountry "COL"]
[SourceTitle "CBM 169 Extra"]
[Source "ChessBase"]
[SourceDate "2015.12.18"]
[SourceVersion "1"]
[SourceVersionDate "2015.12.18"]
[SourceQuality "1"]

1. d4 Nf6 2. Nf3 g6 3. g3 c5 4. c4 Bg7 5. Bg2 cxd4 6. Nxd4 Nc6 7. 0-0 0-0 8. Nc3 a6 9. h3 d6 10. Be3 Bd7 11. Rc1 Rc8 12. b3 Qa5 13. Nf3 Rfe8 14. Qd2 b5 15. Nd5 Qxd2 16. Nxd2 Nxd5 17. cxd5 Nb4 18. a3 Nc2 19. Bg5 h6 20. Bf4 Nxa3 21. Ra1 Bxa1 22. Rxa1 b4 23. e4 g5 24. Be3 Nc2 25. Rxa6 Nxe3 26. fxe3 Rc2 27. Nc4 Bb5 28. Rb6 Bxc4 29. bxc4 Rxc4 30. Bf3 Rec8 31. h4 Rc1+ 32. Kg2 Rb1 33. hxg5 hxg5 34. Rb7 Kf8 35. Bh5 b3 36. e5 b2 37. exd6 exd6 38. Rxf7+ Kg8 39. Rb7 Rc2+ 0-1

[Event "COL-ch blitz"]
[Site "Quibdo"]
[Date "2015.11.08"]
[Round "16"]
[White "Hernandez Sanchez, Jairo Andres"]
[Black "Otero Martinez, Alvaro Jr"]
[Result "1-0"]
[WhiteElo "2216"]
[BlackElo "2013"]
[PlyCount "69"]
[EventDate "2015.11.08"]
[EventType "swiss (blitz)"]
[EventRounds "18"]
[EventCountry "COL"]
[SourceTitle "CBM 169 Extra"]
[Source "ChessBase"]
[SourceDate "2015.12.18"]
[SourceVersion "1"]
[SourceVersionDate "2015.12.18"]
[SourceQuality "1"]

1. e4 c5 2. Nf3 e6 3. c3 d5 4. e5 Nc6 5. d4 Nge7 6. Bd3 Qc7 7. a3 a6 8. b4 c4 9. Bc2 b5 10. a4 bxa4 11. Rxa4 a5 12. 0-0 Bb7 13. bxa5 Rxa5 14. Ba3 Ng6 15. Bxf8 Nxf8 16. Rxa5 Qxa5 17. Ng5 g6 18. h4 h6 19. Nh3 Qd8 20. h5 g5 21. f4 gxf4 22. Rxf4 Rg8 23. Qf3 Qe7 24. Rf6 Rh8 25. Nd2 Nd7 26. Rxf7 Qa3 27. Bg6 Kd8 28. Nf4 Qc1+ 29. Nf1 Ndxe5 30. Nxe6+ Kc8 31. dxe5 Nxe5 32. Rc7+ Kb8 33. Rxb7+ Kxb7 34. Qxd5+ Nc6 35. Be4 1-0

[Event "COL-ch blitz"]
[Site "Quibdo"]
[Date "2015.11.08"]
[Round "13"]
[White "Otero Martinez, Alvaro Jr"]
[Black "Garavito, Miguel Angel"]
[Result "1-0"]
[WhiteElo "2013"]
[BlackElo "2213"]
[PlyCount "111"]
[EventDate "2015.11.08"]
[EventType "swiss (blitz)"]
[EventRounds "18"]
[EventCountry "COL"]
[SourceTitle "CBM 169 Extra"]
[Source "ChessBase"]
[SourceDate "2015.12.18"]
[SourceVersion "1"]
[SourceVersionDate "2015.12.18"]
[SourceQuality "1"]

1. e4 e5 2. Bc4 Nf6 3. d3 Nc6 4. Nf3 Be7 5. 0-0 0-0 6. c3 a6 7. Re1 d6 8. h3 Na5 9. Nbd2 b5 10. Bb3 Nxb3 11. Qxb3 c5 12. Nf1 c4 13. dxc4 Be6 14. a4 bxc4 15. Qd1 Nd7 16. Ne3 Nc5 17. Nd5 Nd3 18. Re2 Bxd5 19. exd5 Qa5 20. Ne1 Qxd5 21. b3 e4 22. bxc4 Qb7 23. Nxd3 exd3 24. Qxd3 Bf6 25. Bf4 Qc6 26. Bxd6 Rfd8 27. c5 Qxc5 28. Qxh7+ Kxh7 29. Bxc5 Bxc3 30. Rc1 Bf6 31. Bb6 Rd5 32. Rc4 Rb8 33. a5 Bd8 34. Rb2 Rxa5 35. Bxa5 Rxb2 36. Bxd8 Rb8 37. Bc7 Rc8 38. Rc5 a5 39. Bd6 Ra8 40. g4 a4 41. Rc3 Kg6 42. Kg2 Kf6 43. Kf3 Ke6 44. Ba3 Kd5 45. Ke3 Re8+ 46. Kf3 Re1 47. Re3 Ra1 48. h4 f6 49. h5 Rh1 50. Bf8 f5 51. Bxg7 fxg4+ 52. Kxg4 Rh2 53. f4 Rg2+ 54. Rg3 Rh2 55. h6 a3 56. Rxa3 1-0

[Event "San Andres Islas Caribe-ch"]
[Site "San Andres Islas"]
[Date "2015.05.07"]
[Round "5"]
[White "Romero, Oriol"]
[Black "Otero Martinez, Alvaro Jr"]
[Result "0-1"]
[WhiteElo "2099"]
[BlackElo "1942"]
[PlyCount "117"]
[EventDate "2015.05.05"]
[EventType "swiss"]
[EventRounds "6"]
[EventCountry "COL"]
[SourceTitle "CBM 166 Extra"]
[Source "ChessBase"]
[SourceDate "2015.06.18"]
[SourceVersion "1"]
[SourceVersionDate "2015.06.18"]
[SourceQuality "1"]

1. e4 c5 2. Nf3 Nc6 3. d4 cxd4 4. Nxd4 Nf6 5. Nc3 e5 6. Ndb5 d6 7. Nd5 Nxd5 8. exd5 Nb8 9. c4 Be7 10. Be2 a6 11. Na3 Nd7 12. 0-0 f5 13. Rb1 0-0 14. Bd2 b6 15. Nc2 f4 16. b4 Nf6 17. Rb3 g5 18. Bc1 Ra7 19. Ba3 Kh8 20. Re1 Bf5 21. Bf1 Rg8 22. c5 g4 23. Bb2 Rg5 24. Nd4 exd4 25. Qxd4 dxc5 26. Qxf4 h6 27. Rbe3 Kg7 28. bxc5 Bxc5 29. Re8 Qxd5 30. Bc4 Qd6 31. Rg8+ Kh7 32. Qxd6 Bxd6 33. Rxg5 hxg5 34. Bxf6 Kg6 35. Bd4 Rh7 36. g3 b5 37. Bb3 Bb4 38. Rc1 Be4 39. Be3 Rd7 40. Be6 Rd3 41. Bxg4 Bd5 42. Bc8 Ra3 43. Bc5 a5 44. Rd1 Bxa2 45. Rd6+ Kg7 46. Bd4+ Kf7 47. Rf6+ Ke7 48. Rc6 Bd5 49. Rc1 a4 50. Be3 Kf6 51. Ba6 Bc4 52. Bb7 Rxe3 53. fxe3 Bd2 54. Rb1 Bxe3+ 55. Kg2 a3 56. Bc6 a2 57. Ra1 Bd4 58. Rxa2 Bxa2 59. Bxb5 0-1

[Event "San Andres Islas Caribe-ch"]
[Site "San Andres Islas"]
[Date "2015.05.06"]
[Round "3"]
[White "Mendoza, Rafael Enrique"]
[Black "Otero Martinez, Alvaro Jr"]
[Result "1/2-1/2"]
[WhiteElo "2319"]
[BlackElo "1942"]
[PlyCount "91"]
[EventDate "2015.05.05"]
[EventType "swiss"]
[EventRounds "6"]
[EventCountry "COL"]
[SourceTitle "CBM 166 Extra"]
[Source "ChessBase"]
[SourceDate "2015.06.18"]
[SourceVersion "1"]
[SourceVersionDate "2015.06.18"]
[SourceQuality "1"]

1. e4 e5 2. Nf3 Nc6 3. Bb5 a6 4. Ba4 Nf6 5. Bxc6 dxc6 6. Nc3 Bc5 7. 0-0 Bg4 8. h3 Bh5 9. d3 Qd6 10. Be3 0-0-0 11. Qe2 h6 12. Bxc5 Qxc5 13. Qe3 Qd6 14. Nd2 g5 15. Nc4 Qd4 16. g4 Bg6 17. Ne2 Qxe3 18. Nxe3 h5 19. Kg2 hxg4 20. hxg4 Rh4 21. f3 Rdh8 22. Rh1 Rxh1 23. Rxh1 Rxh1 24. Kxh1 c5 25. Kg2 c6 26. Kf2 Nd7 27. Ke1 f6 28. Kd2 Kc7 29. c3 Bf7 30. a3 b5 31. Ng3 a5 32. Nh5 Kd6 33. Nf5+ Kc7 34. Kc2 Bg6 35. Nh6 Kd6 36. a4 Ke7 37. Kb3 Bf7+ 38. Nxf7 Kxf7 39. axb5 cxb5 40. Ng3 Ke6 41. Nf5 Nb6 42. Ne3 Kd6 43. Nf5+ Kc6 44. Kc2 a4 45. Ne3 b4 46. Kb1 1/2-1/2

[Event "Mosquera op"]
[Site "Mosquera"]
[Date "2014.11.02"]
[Round "7"]
[White "Otero Martinez, Alvaro Jr"]
[Black "Bello, Javier"]
[Result "0-1"]
[WhiteElo "1946"]
[BlackElo "1706"]
[PlyCount "54"]
[EventDate "2014.10.30"]
[EventType "swiss"]
[EventRounds "9"]
[EventCountry "COL"]
[SourceTitle "EXT 2015"]
[Source "ChessBase"]
[SourceDate "2014.11.20"]
[SourceVersion "1"]
[SourceVersionDate "2014.11.20"]
[SourceQuality "1"]

1. e4 e5 2. Nf3 Nc6 3. Bc4 Be7 4. d4 exd4 5. Nxd4 d6 6. 0-0 Nf6 7. Nc3 0-0 8. Bg5 Ne5 9. Be2 c6 10. Qd2 Re8 11. Rad1 Qc7 12. Kh1 b5 13. f4 Nc4 14. Bxc4 bxc4 15. Nf5 Bxf5 16. exf5 d5 17. h3 Nh5 18. Rf3 f6 19. Bh4 g6 20. g4 Ng7 21. Qd4 Qd6 22. fxg6 hxg6 23. f5 gxf5 24. gxf5 Kf7 25. Qg4 Rh8 26. Qg6+ Kf8 27. Ne4 Qe5 0-1

[Event "Mosquera op"]
[Site "Mosquera"]
[Date "2014.10.31"]
[Round "2"]
[White "Otero Martinez, Alvaro Jr"]
[Black "Vargas, Mauricio"]
[Result "1-0"]
[WhiteElo "1946"]
[BlackElo "2163"]
[PlyCount "55"]
[EventDate "2014.10.30"]
[EventType "swiss"]
[EventRounds "9"]
[EventCountry "COL"]
[SourceTitle "EXT 2015"]
[Source "ChessBase"]
[SourceDate "2014.11.20"]
[SourceVersion "1"]
[SourceVersionDate "2014.11.20"]
[SourceQuality "1"]

1. e4 c5 2. Nf3 e6 3. Be2 Nc6 4. 0-0 Nf6 5. Nc3 Qc7 6. d4 cxd4 7. Nxd4 a6 8. Be3 Bb4 9. f3 Bxc3 10. bxc3 d5 11. Nxc6 bxc6 12. Bd3 0-0 13. Bg5 Qe5 14. f4 Qxc3 15. e5 Qd4+ 16. Kh1 Ne4 17. c3 Nf2+ 18. Rxf2 Qxf2 19. Qh5 g6 20. Qh6 f5 21. exf6 Ra7 22. Bxg6 Qb2 23. Rb1 Qxc3 24. h4 Qc5 25. Rb8 hxg6 26. Qxg6+ Kh8 27. Rxc8 Rb7 28. f7 1-0

[Event "COL-ch sf"]
[Site "Medellin"]
[Date "2014.??.??"]
[Round "5"]
[White "Gonzalez Lopez, Nicolas Mateo"]
[Black "Otero Martinez, Alvaro Jr"]
[Result "1/2-1/2"]
[WhiteElo "1870"]
[BlackElo "2022"]
[PlyCount "68"]
[EventDate "2014.04.15"]
[EventType "swiss"]
[EventRounds "11"]
[EventCountry "COL"]
[SourceTitle "CBM 160 Extra"]
[Source "ChessBase"]
[SourceDate "2014.07.01"]
[SourceVersion "1"]
[SourceVersionDate "2014.07.01"]
[SourceQuality "1"]

1. Nf3 c5 2. e4 Nc6 3. d4 cxd4 4. Nxd4 Nf6 5. Nc3 e5 6. Ndb5 d6 7. Bg5 a6 8. Na3 b5 9. Nd5 Be7 10. Bxf6 Bxf6 11. c3 0-0 12. Nc2 Bg5 13. a4 bxa4 14. Rxa4 a5 15. Bc4 Be6 16. 0-0 Ne7 17. Nde3 Bd7 18. Ra2 Bc6 19. Qd3 Qb8 20. Rfa1 Rd8 21. b3 Qb7 22. Nd5 Bxd5 23. exd5 Qc7 24. Bb5 e4 25. Qc4 Qb6 26. Nd4 e3 27. fxe3 Bxe3+ 28. Kh1 Bxd4 29. cxd4 Rdc8 30. Bc6 Nxc6 31. dxc6 Rxc6 32. Qd5 Rcc8 33. h3 Rab8 34. Rxa5 Qxb3 1/2-1/2